Star Wars Movies - Statistics

General Stats
  • This quiz has been taken 103 times
  • The average score is 11 of 12
Answer Stats
Picture Answer % Correct
Star Wars: Episode IV - A New Hope
99%
Star Wars: Episode VI - Return of the Jedi
99%
Star Wars: Episode V - The Empire Strikes Back
99%
Solo: A Star Wars Story
98%
Star Wars: Episode III - Revenge of the Sith
98%
Star Wars: Episode I - The Phantom Menace
98%
Star Wars: Episode II - Attack of the Clones
96%
Star Wars: The Clone Wars
96%
Star Wars: Episode IX - The Rise of Skywalker
91%
Star Wars: Episode VIII - The Last Jed
90%
Star Wars: Episode VII - The Force Awakens
90%
Rogue One: A Star Wars Story
88%
No matching quizzes found
Score Distribution
Percent of People with Each Score
Percentile by Number Answered
Your Score History
You have not taken this quiz